<?xml version="1.0" encoding="UTF-8"?>
<record
    xmlns:xsi="http://www.w3.org/2001/XMLSchema-instance"
    xsi:schemaLocation="http://www.loc.gov/MARC21/slim http://www.loc.gov/standards/marcxml/schema/MARC21slim.xsd"
    xmlns="http://www.loc.gov/MARC21/slim">

  <leader>01205    a2200253   4500</leader>
  <datafield tag="999" ind1=" " ind2=" ">
    <subfield code="c">96690</subfield>
    <subfield code="d">96690</subfield>
  </datafield>
  <controlfield tag="003">NALT</controlfield>
  <controlfield tag="005">20230810084908.0</controlfield>
  <controlfield tag="008">200304b        th ||||| |||| 00| 0 tha d</controlfield>
  <datafield tag="020" ind1=" " ind2=" ">
    <subfield code="a">9786168224069</subfield>
  </datafield>
  <datafield tag="040" ind1=" " ind2=" ">
    <subfield code="a">NALT</subfield>
  </datafield>
  <datafield tag="050" ind1=" " ind2=" ">
    <subfield code="a">HF 5415.1265</subfield>
    <subfield code="b">&#xE2D;778&#xE1E; 2562</subfield>
  </datafield>
  <datafield tag="100" ind1="0" ind2=" ">
    <subfield code="a">&#xE2D;&#xE38;&#xE01;&#xE24;&#xE29;&#xE0E;&#xE4C; &#xE15;&#xE31;&#xE49;&#xE07;&#xE2A;&#xE37;&#xE1A;&#xE2A;&#xE01;&#xE38;&#xE25;</subfield>
    <subfield code="9">43872</subfield>
  </datafield>
  <datafield tag="245" ind1="1" ind2="0">
    <subfield code="a">&#xE40;&#xE1E;&#xE34;&#xE48;&#xE21;&#xE22;&#xE2D;&#xE14;&#xE02;&#xE32;&#xE22;&#xE14;&#xE49;&#xE27;&#xE22; Facebook &#xE23;&#xE38;&#xE01;&#xE14;&#xE49;&#xE27;&#xE22; Line OA &#xE02;&#xE22;&#xE32;&#xE22;&#xE14;&#xE49;&#xE27;&#xE22; Google /</subfield>
    <subfield code="c">&#xE2D;&#xE38;&#xE01;&#xE24;&#xE29;&#xE0E;&#xE4C; &#xE15;&#xE31;&#xE49;&#xE07;&#xE2A;&#xE37;&#xE1A;&#xE2A;&#xE01;&#xE38;&#xE25;.</subfield>
  </datafield>
  <datafield tag="260" ind1=" " ind2=" ">
    <subfield code="a">&#xE1B;&#xE17;&#xE38;&#xE21;&#xE18;&#xE32;&#xE19;&#xE35; :</subfield>
    <subfield code="b">&#xE44;&#xE2D;&#xE41;&#xE2D;&#xE21;&#xE40;&#xE14;&#xE2D;&#xE30;&#xE40;&#xE1A;&#xE2A;,</subfield>
    <subfield code="c">2562.</subfield>
  </datafield>
  <datafield tag="300" ind1=" " ind2=" ">
    <subfield code="a">238 &#xE2B;&#xE19;&#xE49;&#xE32; :</subfield>
    <subfield code="b">&#xE20;&#xE32;&#xE1E;&#xE1B;&#xE23;&#xE30;&#xE01;&#xE2D;&#xE1A; ;</subfield>
    <subfield code="c">21 &#xE0B;&#xE21;.</subfield>
  </datafield>
  <datafield tag="650" ind1=" " ind2="4">
    <subfield code="9">3557</subfield>
    <subfield code="a">&#xE01;&#xE32;&#xE23;&#xE15;&#xE25;&#xE32;&#xE14;&#xE2D;&#xE34;&#xE19;&#xE40;&#xE17;&#xE2D;&#xE23;&#xE4C;&#xE40;&#xE19;&#xE47;&#xE15;</subfield>
  </datafield>
  <datafield tag="650" ind1=" " ind2="0">
    <subfield code="a">&#xE01;&#xE32;&#xE23;&#xE1E;&#xE32;&#xE13;&#xE34;&#xE0A;&#xE22;&#xE4C;&#xE2D;&#xE34;&#xE40;&#xE25;&#xE47;&#xE01;&#xE17;&#xE23;&#xE2D;&#xE19;&#xE34;&#xE01;&#xE2A;&#xE4C;</subfield>
    <subfield code="9">735</subfield>
  </datafield>
  <datafield tag="650" ind1=" " ind2="4">
    <subfield code="9">10360</subfield>
    <subfield code="a">&#xE42;&#xE06;&#xE29;&#xE13;&#xE32;&#xE17;&#xE32;&#xE07;&#xE2D;&#xE34;&#xE19;&#xE40;&#xE17;&#xE2D;&#xE23;&#xE4C;&#xE40;&#xE19;&#xE47;&#xE15;</subfield>
  </datafield>
  <datafield tag="650" ind1=" " ind2="4">
    <subfield code="9">22494</subfield>
    <subfield code="a">&#xE2A;&#xE37;&#xE48;&#xE2D;&#xE2A;&#xE31;&#xE07;&#xE04;&#xE21;&#xE2D;&#xE2D;&#xE19;&#xE44;&#xE25;&#xE19;&#xE4C; </subfield>
  </datafield>
  <datafield tag="650" ind1=" " ind2="4">
    <subfield code="9">31509</subfield>
    <subfield code="a">&#xE40;&#xE1F;&#xE0B;&#xE1A;&#xE38;&#xE4A;&#xE04;</subfield>
  </datafield>
  <datafield tag="850" ind1=" " ind2=" ">
    <subfield code="a">NALT</subfield>
  </datafield>
  <datafield tag="942" ind1=" " ind2=" ">
    <subfield code="2">lcc</subfield>
    <subfield code="c">GB</subfield>
  </datafield>
  <datafield tag="998" ind1=" " ind2=" ">
    <subfield code="a">phon</subfield>
    <subfield code="b">phon</subfield>
    <subfield code="c">phon</subfield>
    <subfield code="j">8</subfield>
    <subfield code="k"> &#xE19;&#xE32;&#xE22;&#xE1A;&#xE31;&#xE13;&#xE11;&#xE34;&#xE15;  &#xE2D;&#xE38;&#xE17;&#xE32;&#xE27;&#xE07;&#xE04;&#xE4C;</subfield>
  </datafield>
  <datafield tag="952" ind1=" " ind2=" ">
    <subfield code="0">0</subfield>
    <subfield code="1">0</subfield>
    <subfield code="2">lcc</subfield>
    <subfield code="4">0</subfield>
    <subfield code="7">0</subfield>
    <subfield code="8">CGBL</subfield>
    <subfield code="a">NALT</subfield>
    <subfield code="b">NALT</subfield>
    <subfield code="d">2020-02-25</subfield>
    <subfield code="e">1</subfield>
    <subfield code="l">4</subfield>
    <subfield code="m">5</subfield>
    <subfield code="o">HF 5415.1265 &#xE2D;778&#xE1E; 2562</subfield>
    <subfield code="p">3961210213</subfield>
    <subfield code="r">2023-08-23 00:00:00</subfield>
    <subfield code="s">2023-08-10</subfield>
    <subfield code="w">2020-02-25</subfield>
    <subfield code="y">GB</subfield>
  </datafield>
</record>
